Management information systems / (Record no. 8592)
[ view plain ]
| 000 -LEADER | |
|---|---|
| fixed length control field | 01925cac a22002411u 4500 |
| 008 - FIXED-LENGTH DATA ELEMENTS--GENERAL INFORMATION | |
| fixed length control field | 090108t2007nju|||||r|||| 001 0 eng d |
| 010 ## - LIBRARY OF CONGRESS CONTROL NUMBER | |
| LC control number | 2006006639 |
| 020 ## - INTERNATIONAL STANDARD BOOK NUMBER | |
| International Standard Book Number | 0131889184 |
| 082 04 - DEWEY DECIMAL CLASSIFICATION NUMBER | |
| Classification number | 658.4038011 |
| Item number | MCL |
| Edition number | 22 |
| 100 1# - MAIN ENTRY--PERSONAL NAME | |
| Personal name | McLeod, Raymond. |
| 9 (RLIN) | 17655 |
| 245 10 - TITLE STATEMENT | |
| Title | Management information systems / |
| Statement of responsibility, etc | Raymond McLeod, George Schell. |
| 250 ## - EDITION STATEMENT | |
| Edition statement | 10th ed. |
| 260 ## - PUBLICATION, DISTRIBUTION, ETC. (IMPRINT) | |
| Place of publication, distribution, etc | Upper Saddle River, NJ : |
| Name of publisher, distributor, etc | Pearson/Prentice Hall, |
| Date of publication, distribution, etc | c.2007 |
| 260 ## - PUBLICATION, DISTRIBUTION, ETC. (IMPRINT) | |
| Name of publisher, distributor, etc | Distributer: Baccah |
| 300 ## - PHYSICAL DESCRIPTION | |
| Extent | xxix, 447 p. : |
| Other physical details | ill. ; |
| Dimensions | 26 cm. |
| 504 ## - BIBLIOGRAPHY, ETC. NOTE | |
| Bibliography, etc | Includes bibliographical references and index. |
| 505 0# - FORMATTED CONTENTS NOTE | |
| Formatted contents note | Essential concepts -- Introduction to information systems -- Information systems for competitive advantage -- Using information technology to engage in electronic commerce -- System users and developers -- Information resources -- Computing and communications resources -- Database management systems -- Systems development -- Information in action -- Managing information and technology -- Information security -- Ethical implications of information technology -- Decision support systems -- Projects -- Project 1. Everyday technology skills -- Project 2. Web/html project using Microsoft Frontpage -- Project 3. Web/html project using Notepad -- Project 4 web/html student survey form -- Project 5. Web/html book purchase form -- Project 6. Spreadsheet basics -- Project 7. Spreadsheets with data capture-minivan example -- Project 8. Spreadsheets with data capture-college computing example -- Project 9. Database forms and reports -- Project 10. Database queries-textbook database -- Project 11. Database queries-classprojects database -- Project 12. Reports based on queries. |
| 650 #0 - SUBJECT ADDED ENTRY--TOPICAL TERM | |
| Topical term or geographic name as entry element | Management information systems. |
| 9 (RLIN) | 17656 |
| Source of heading or term | BUEsh |
| 651 ## - SUBJECT ADDED ENTRY--GEOGRAPHIC NAME | |
| Source of heading or term | BUEsh |
| 700 1# - ADDED ENTRY--PERSONAL NAME | |
| Personal name | Schell, George P. |
| 9 (RLIN) | 17657 |
| 856 41 - ELECTRONIC LOCATION AND ACCESS | |
| Materials specified | Table of contents only |
| Uniform Resource Identifier | <a href="http://www.loc.gov/catdir/toc/ecip069/2006006639.html">http://www.loc.gov/catdir/toc/ecip069/2006006639.html</a> |
| 942 ## - ADDED ENTRY ELEMENTS (KOHA) | |
| Item type | Book - Borrowing |
| Call number prefix | 658.05MCL |
| Source of classification or shelving scheme | Dewey Decimal Classification |
| Withdrawn status | Item status | Source of classification or shelving scheme | Damaged status | Not for loan | Home library | Current library | Shelving location | Date acquired | Source of acquisition | Total Checkouts | Full call number | Barcode | Date last seen | Date last borrowed | Koha item type | Total Renewals |
|---|---|---|---|---|---|---|---|---|---|---|---|---|---|---|---|---|
| Dewey Decimal Classification | Central Library | Central Library | First floor | 08/03/2013 | Purchase | 8 | 658.4038011 MCL | 000010594 | 15/07/2025 | 10/01/2010 | Book - Borrowing | |||||
| Dewey Decimal Classification | Central Library | Central Library | First floor | 08/03/2013 | Purchase | 8 | 658.4038011 MCL | 000010593 | 15/07/2025 | 19/05/2011 | Book - Borrowing | 16 | ||||
| Dewey Decimal Classification | Central Library | Central Library | First floor | 08/03/2013 | Purchase | 6 | 658.4038011 MCL | 000010592 | 15/07/2025 | 16/09/2018 | Book - Borrowing | 2 | ||||
| Dewey Decimal Classification | Central Library | Central Library | First floor | 08/03/2013 | Purchase | 3 | 658.4038011 MCL | 000010587 | 15/07/2025 | 21/05/2015 | Book - Borrowing | 1 | ||||
| Dewey Decimal Classification | Central Library | Central Library | First floor | 08/03/2013 | Purchase | 5 | 658.4038011 MCL | 000010588 | 15/07/2025 | Book - Borrowing | ||||||
| Dewey Decimal Classification | Central Library | Central Library | First floor | 08/03/2013 | Purchase | 5 | 658.4038011 MCL | 000010589 | 15/07/2025 | 30/10/2013 | Book - Borrowing | |||||
| Dewey Decimal Classification | Central Library | Central Library | First floor | 08/03/2013 | Purchase | 3 | 658.4038011 MCL | 000010590 | 15/07/2025 | 05/01/2009 | Book - Borrowing | |||||
| Dewey Decimal Classification | Central Library | Central Library | First floor | 08/01/2009 | Purchase | 1 | 658.4038011 MCL | 000010591 | 15/07/2025 | 10/02/2013 | NB - Book (Non borrowing) |